| 000 | 02326cam a22004694i 4500 | ||
|---|---|---|---|
| 003 | PE-LiUPU | ||
| 005 | 20250731184604.0 | ||
| 008 | 150616s r 000 0 d | ||
| 035 | _a(Sirsi) a5438 | ||
| 040 |
_aPE-LiUPU _bspa _cPE-LiUPU _erda |
||
| 049 | _aPRUA | ||
| 082 | 0 | 4 |
_a985.061 _bD51 _221 |
| 100 | 1 |
_aDelgado, Luis Humberto, _d1899-1983, _eautor. |
|
| 245 | 1 | 0 |
_aGuerra entre el Perú y Chile - 1879; de la historia del General Mariano Ignacio Prado / _cLuis Humberto Delgado. |
| 264 | 1 |
_aLima : _bAriel Editores, _c1965. |
|
| 300 |
_a343 páginas : _bilustraciones facsims, fotos ; _c18 cm. |
||
| 336 |
_atext _2rdacontent |
||
| 337 |
_aunmediated _2rdamedia |
||
| 338 |
_avolume _2rdacarrier |
||
| 505 | 0 | _aPárrafo de una carta de Miguel Grau a Lizardo Montero -- Párrafo del discurso de Andrés Avelino Aramburú, en la inhumación de los restos del General Prado, en el cementerio General de Lima -- Párrafos del discurso del General Cáceres, al descubrir el monumento erigido a la memoria del General Prado, por la Sociedad Fundadores de la Independencia y Vencedores del 2 de Mayo de 1866, el 2 de mayo de 1918 -- Reproducción de "La Opinión Nacional" con motivo de la inhumación de los restos del General Prado el 17 de marzo de 1902 -- Copia fotostática original de la donación del archivo de Francisco García Calderón al autor de este libro -- Texto aclaratorio de la misma -- Juicio de Ventura García Calderón sobre la "Historia del General Prado" -- Y otros. | |
| 526 | _aP136 | ||
| 526 | _aP135 | ||
| 526 | _aP134 | ||
| 526 | _aP133 | ||
| 526 | _aP144 | ||
| 526 | _aP143 | ||
| 526 | _aP87 | ||
| 526 | _aP35 | ||
| 526 | _aP20 | ||
| 526 | _aP14 | ||
| 526 | _aP10 | ||
| 526 | _aP06 | ||
| 600 | 1 |
_aPrado, Mariano Ignacio, _d1870-1946 |
|
| 650 | 0 | 4 | _aBiografías históricas - Perú. |
| 910 |
_ajck _bjvq _cjck |
||
| 942 |
_2ddc _cBOOK |
||
| 949 |
_a985.061 D51 _wDEWEY _c1 _i19719 _lCCODEBUL1 _mBUL _p00.00 _r0 _sY _tBOOK _u19811027 _xEDUCACION _PP20 _0COMPRA _o.STAFF. Colección General |
||
| 994 |
_aC0 _bPEPRU |
||
| 596 | _a1 | ||
| 999 |
_a985.061 D51 _wDEWEY _c56466 _i19719 _f2021-11-8 _g5 _lCCODEBUL1 _mBUL _r0 _sY _tBOOK _u2015-6-16 _xBIBLIOTECA _PP20 _0COMPRA _o.STAFF. Colección General _d56466 |
||
| 980 |
_81 _gALBERTO SANCHEZ Responsable de Automatización |
||